|
|
|
|
| LEADER |
00000naa2a2200000 4500 |
| 001 |
389070 |
| 005 |
20231101063825.0 |
| 035 |
|
|
|a (RuTPU)RU\TPU\prd\20902
|
| 090 |
|
|
|a 389070
|
| 100 |
|
|
|a 20031224a2003 k y0rusy50 ca
|
| 101 |
0 |
|
|a rus
|
| 102 |
|
|
|a RU
|
| 200 |
1 |
|
|a Эффективная система утилизации медицинских отходов
|f Ю. Г. Ярошенко, Г. Ю. Пахальчак, Г. В. Тягунов, И. С. Хает
|
| 225 |
1 |
|
|a Научные разработки
|
| 320 |
|
|
|a Библиогр.: 6 назв.
|
| 461 |
|
1 |
|0 (RuTPU)RU\TPU\prd\1141
|t Экология и промышленность России
|o ежемесячный общественный научно-технический журнал
|d 2001-
|
| 463 |
|
1 |
|0 (RuTPU)RU\TPU\prd\20285
|t № 10
|v С. 35-38
|d 2003
|
| 610 |
1 |
|
|a медицинские отходы
|
| 610 |
1 |
|
|a утилизация отходов
|
| 610 |
1 |
|
|a система утилизации
|
| 701 |
|
1 |
|a Ярошенко
|b Ю. Г.
|
| 701 |
|
1 |
|a Пахальчак
|b Г. Ю.
|
| 701 |
|
1 |
|a Тягунов
|b Г. В.
|
| 701 |
|
1 |
|a Хает
|b И. С.
|
| 801 |
|
1 |
|a RU
|b 63413507
|c 20031224
|g PSBO
|
| 942 |
|
|
|c BK
|